Sechser Paare #1 - Statistiken

Allgemein
  • Dieses Quiz wurde 309 mal gespielt
  • Das Durchschnittsergebnis liegt bei 7 aus 12
Antwortstatistiken
Hint Antwort % Korrekt
1, 2, 3, 4, 5, 6
100%
a, b, c, d, e, f
100%
Afrika, Amerika, Europa, Australien, Antarktis Asien
95%
sehr gut, gut, befriedigend, ausreichend, ungenügend mangelhaft
75%
Präsens, Präteritum, Perfekt, Futur I, Futur II Plusquamperfekt
69%
Fis, Cis, Gis, Ais, Eis Dis
68%
Deutschland, Frankreich, Italien, Belgien, Niederlande- Gründungsstaaten EU Luxemburg
62%
Es, As, Des, Ges, Ces B
55%
Helium, Neon, Argon, Krypton, Radon Xenon
41%
Raum, Geist, Realität, Macht, Seele - Infinity Steine Zeit
29%
Rachel, Monica, Phoebe, Joey, Chandler Ross
27%
Beryllium, Calcium, Strontium, Barium, Radium Magnesium
17%
Keine übereinstimmenden Quizze gefunden
Verteilung der Resultate
Anzahl Personen mit jedem Resultat
Perzentil nach korrekt beantworteten Fragen
Ihre Resultats-Entwicklung
Sie haben dieses Quiz noch nicht gespielt